[Event "I Open Internacional Ateneo Maritimo"]
[Site "Valencia C/La reina, 68"]
[Date "2017.05.20"]
[Round "6.6"]
[White "Galvan, Jesus"]
[Black "Gonzalez Aguirre, Luis"]
[Result "1-0"]
[WhiteElo "2309"]
[BlackElo "2137"]
[PlyCount "45"]
[EventDate "2017.??.??"]

1. d4 {[%clk 0:07:06]} 1... d5 {[%clk 0:07:02]} 2. c4 {[%clk 0:07:07]} 2... e6
{[%clk 0:07:05]} 3. Nc3 {[%clk 0:07:10]} 3... Nf6 {[%clk 0:07:07]} 4. cxd5 {
[%clk 0:07:12]} 4... exd5 {[%clk 0:07:09]} 5. Bg5 {[%clk 0:07:13]} 5... Be7 {
[%clk 0:07:12]} 6. e3 {[%clk 0:07:15]} 6... c6 {[%clk 0:07:14]} 7. Bd3 {
[%clk 0:07:17]} 7... Nbd7 {[%clk 0:07:16]} 8. Qc2 {[%clk 0:07:19]} 8... Nh5 {
[%clk 0:07:18]} 9. Bxe7 {[%clk 0:07:20]} 9... Qxe7 {[%clk 0:07:20]} 10. Nge2 {
[%clk 0:07:22]} 10... g6 {[%clk 0:07:23]} 11. O-O-O {[%clk 0:07:07]} 11... Nb6
{[%clk 0:07:25]} 12. Kb1 {[%clk 0:07:09]} 12... Bd7 {[%clk 0:07:27]} 13. Rc1 {
[%clk 0:07:11]} 13... O-O-O {[%clk 0:07:29]} 14. Na4 {[%clk 0:06:43]} 14...
Nxa4 {[%clk 0:07:29]} 15. Qxa4 {[%clk 0:06:45]} 15... Kb8 {[%clk 0:06:39]} 16.
Qa5 {[%clk 0:06:43]} 16... Ng7 {[%clk 0:06:15]} 17. Ka1 {[%clk 0:06:38]} 17...
Bf5 {[%clk 0:06:08]} 18. Rhd1 {[%clk 0:06:33]} 18... Bxd3 {[%clk 0:05:50]} 19.
Rxd3 {[%clk 0:06:34]} 19... Nf5 {[%clk 0:05:35]} 20. Ra3 {[%clk 0:06:29]} 20...
a6 {[%clk 0:05:16]} 21. Rb3 {[%clk 0:06:17]} 21... Ka8 {[%clk 0:04:42]} 22.
Rxc6 {[%clk 0:05:32]} 22... bxc6 {[%clk 0:03:31]} 23. Qxa6+ {[%clk 0:05:32]}
1-0

[Event "I Open Internacional Ateneo Maritimo"]
[Site "Valencia C/La reina, 68"]
[Date "2017.05.20"]
[Round "4.2"]
[White "Diaz Velandia, Jose Manuel"]
[Black "Garcia, Jhoel"]
[Result "*"]
[WhiteElo "2345"]
[BlackElo "2331"]
[PlyCount "42"]
[EventDate "2017.??.??"]

1. d4 {[%clk 0:07:05]} 1... Nf6 {[%clk 0:07:05]} 2. Nf3 {[%clk 0:07:07]} 2...
g6 {[%clk 0:07:07]} 3. e3 {[%clk 0:07:09]} 3... Bg7 {[%clk 0:07:09]} 4. Bd3 {
[%clk 0:07:12]} 4... O-O {[%clk 0:07:10]} 5. O-O {[%clk 0:07:14]} 5... d6 {
[%clk 0:07:07]} 6. Nbd2 {[%clk 0:07:15]} 6... c6 {[%clk 0:07:07]} 7. c3 {
[%clk 0:07:18]} 7... Nbd7 {[%clk 0:07:09]} 8. e4 {[%clk 0:07:20]} 8... e5 {
[%clk 0:07:11]} 9. Re1 {[%clk 0:07:22]} 9... Re8 {[%clk 0:07:14]} 10. Nf1 {
[%clk 0:07:24]} 10... Nf8 {[%clk 0:07:16]} 11. Ng3 {[%clk 0:07:24]} 11... N6d7
{[%clk 0:07:05]} 12. Bg5 {[%clk 0:07:19]} 12... Qc7 {[%clk 0:06:46]} 13. Qd2 {
[%clk 0:07:18]} 13... Ne6 {[%clk 0:06:48]} 14. Bh6 {[%clk 0:07:15]} 14... Bh8 {
[%clk 0:06:49]} 15. Bc4 {[%clk 0:07:13]} 15... Nb6 {[%clk 0:06:30]} 16. Bb3 {
[%clk 0:07:08]} 16... c5 {[%clk 0:06:32]} 17. Rac1 {[%clk 0:06:59]} 17... c4 {
[%clk 0:06:26]} 18. Bc2 {[%clk 0:07:01]} 18... Bd7 {[%clk 0:06:29]} 19. h4 {
[%clk 0:06:51]} 19... Rac8 {[%clk 0:05:40]} 20. Bb1 {[%clk 0:06:53]} 20... Qd8
{[%clk 0:05:18]} 21. Rcd1 {[%clk 0:06:30]} 21... Qf6 {[%clk 0:04:56]} *

[Event "I Open Internacional Ateneo Maritimo"]
[Site "Valencia C/La reina, 68"]
[Date "2017.05.20"]
[Round "7.1"]
[White "Valmana Canto, Jaime"]
[Black "Garcia, Jhoel"]
[Result "0-1"]
[WhiteElo "2356"]
[BlackElo "2331"]
[PlyCount "74"]
[EventDate "2017.??.??"]

1. e4 {[%clk 0:07:04]} 1... d5 {[%clk 0:07:02]} 2. exd5 {[%clk 0:07:04]} 2...
Qxd5 {[%clk 0:07:04]} 3. Nc3 {[%clk 0:07:06]} 3... Qa5 {[%clk 0:07:06]} 4. d4 {
[%clk 0:07:08]} 4... c6 {[%clk 0:07:08]} 5. Nf3 {[%clk 0:07:08]} 5... Bf5 {
[%clk 0:07:09]} 6. Bc4 {[%clk 0:06:08]} 6... e6 {[%clk 0:07:00]} 7. Nh4 {
[%clk 0:05:55]} 7... Bg6 {[%clk 0:06:44]} 8. Nxg6 {[%clk 0:05:46]} 8... hxg6 {
[%clk 0:06:46]} 9. Bf4 {[%clk 0:05:35]} 9... Nf6 {[%clk 0:06:35]} 10. O-O {
[%clk 0:05:14]} 10... Bb4 {[%clk 0:05:28]} 11. Ne2 {[%clk 0:04:54]} 11... Nbd7
{[%clk 0:05:20]} 12. c3 {[%clk 0:04:57]} 12... Be7 {[%clk 0:05:25]} 13. Nc1 {
[%clk 0:04:30]} 13... g5 {[%clk 0:04:30]} 14. Nb3 {[%clk 0:03:39]} 14... Qf5 {
[%clk 0:04:29]} 15. Bg3 {[%clk 0:03:40]} 15... Nh5 {[%clk 0:04:29]} 16. Bd3 {
[%clk 0:02:51]} 16... Qf6 {[%clk 0:04:29]} 17. Be2 {[%clk 0:02:23]} 17... Nxg3
{[%clk 0:04:29]} 18. fxg3 {[%clk 0:02:25]} 18... Qh6 {[%clk 0:04:14]} 19. h3 {
[%clk 0:02:27]} 19... Bd6 {[%clk 0:03:57]} 20. Qd3 {[%clk 0:02:28]} 20... f5 {
[%clk 0:03:20]} 21. Na5 {[%clk 0:02:27]} 21... O-O-O {[%clk 0:02:49]} 22. Bf3 {
[%clk 0:02:03]} 22... Ne5 {[%clk 0:02:38]} 23. Qe2 {[%clk 0:01:53]} 23... g4 {
[%clk 0:01:59]} 24. dxe5 {[%clk 0:00:42]} 24... Bc5+ {[%clk 0:02:01]} 25. Kh2 {
[%clk 0:00:34]} 25... Rd2 {[%clk 0:01:49]} 26. h4 {[%clk 0:00:20]} 26... Rxe2 {
[%clk 0:01:49]} 27. Bxe2 {[%clk 0:00:22]} 27... Qe3 28. Rae1 {[%clk 0:00:19]}
28... Qh6 {[%clk 0:01:15]} 29. b4 {[%clk 0:00:19]} 29... Bb6 {[%clk 0:01:17]}
30. Nc4 {[%clk 0:00:21]} 30... g5 {[%clk 0:01:18]} 31. Nxb6+ {[%clk 0:00:22]}
31... axb6 {[%clk 0:01:21]} 32. Bc4 {[%clk 0:00:23]} 32... gxh4 {[%clk 0:01:22]
} 33. Rd1 {[%clk 0:00:10]} 33... hxg3+ {[%clk 0:01:23]} 34. Kxg3 {
[%clk 0:00:11]} 34... Qh4+ {[%clk 0:01:21]} 35. Kf4 {[%clk 0:00:13]} 35... g3+
{[%clk 0:01:24]} 36. Kf3 {[%clk 0:00:14]} 36... Qe4+ {[%clk 0:01:22]} 37. Kxg3
{[%clk 0:00:15]} 37... Rg8+ {[%clk 0:01:24]} 0-1

[Event "I Open Internacional Ateneo Maritimo"]
[Site "Valencia C/La reina, 68"]
[Date "2017.05.20"]
[Round "7.2"]
[White "Plaskett, H James"]
[Black "Cruz Lledo, Pablo"]
[Result "1-0"]
[WhiteElo "2455"]
[BlackElo "2435"]
[PlyCount "55"]
[EventDate "2017.??.??"]

1. c4 {[%clk 0:07:05]} 1... c6 {[%clk 0:07:04]} 2. e4 {[%clk 0:07:03]} 2... d5
{[%clk 0:07:06]} 3. cxd5 {[%clk 0:07:03]} 3... cxd5 {[%clk 0:07:08]} 4. exd5 {
[%clk 0:07:05]} 4... Nf6 {[%clk 0:07:10]} 5. Nc3 {[%clk 0:07:06]} 5... Nxd5 {
[%clk 0:07:12]} 6. Nf3 {[%clk 0:06:58]} 6... Nxc3 {[%clk 0:07:07]} 7. bxc3 {
[%clk 0:06:49]} 7... Nc6 {[%clk 0:07:08]} 8. Bc4 {[%clk 0:06:30]} 8... e6 {
[%clk 0:06:50]} 9. O-O {[%clk 0:06:25]} 9... Be7 {[%clk 0:06:53]} 10. Re1 {
[%clk 0:06:22]} 10... O-O {[%clk 0:06:54]} 11. d4 {[%clk 0:06:19]} 11... a6 {
[%clk 0:06:55]} 12. Qe2 {[%clk 0:05:36]} 12... b5 {[%clk 0:06:30]} 13. Bd3 {
[%clk 0:05:35]} 13... Bb7 {[%clk 0:06:32]} 14. Qe4 {[%clk 0:05:07]} 14... g6 {
[%clk 0:06:34]} 15. Qg4 {[%clk 0:05:09]} 15... Bf6 {[%clk 0:06:25]} 16. h4 {
[%clk 0:04:38]} 16... h5 {[%clk 0:05:53]} 17. Qg3 {[%clk 0:04:29]} 17... Ne7 {
[%clk 0:05:54]} 18. Bh6 {[%clk 0:03:50]} 18... Bg7 {[%clk 0:05:55]} 19. Bxg7 {
[%clk 0:03:43]} 19... Kxg7 {[%clk 0:05:56]} 20. Ng5 {[%clk 0:03:36]} 20... Qb8
{[%clk 0:05:01]} 21. Re5 {[%clk 0:03:34]} 21... Bd5 {[%clk 0:04:21]} 22. Rae1 {
[%clk 0:03:20]} 22... Nc6 {[%clk 0:04:08]} 23. Nxf7 {[%clk 0:03:09]} 23... Rxf7
{[%clk 0:03:51]} 24. Qxg6+ {[%clk 0:03:10]} 24... Kf8 {[%clk 0:03:53]} 25. Qh6+
{[%clk 0:03:05]} 25... Ke8 {[%clk 0:02:14]} 26. Rxd5 {[%clk 0:03:00]} 26... Qf4
{[%clk 0:01:58]} 27. Rxe6+ {[%clk 0:02:54]} 27... Ne7 {[%clk 0:01:50]} 28. Qh8+
{[%clk 0:02:47]} 1-0

[Event "I Open Internacional Ateneo Maritimo"]
[Site "Valencia C/La reina, 68"]
[Date "2017.05.20"]
[Round "7.4"]
[White "Garcia Molla, Victor"]
[Black "Galvan, Jesus"]
[Result "0-1"]
[WhiteElo "2344"]
[BlackElo "2309"]
[PlyCount "60"]
[EventDate "2017.??.??"]

1. d4 {[%clk 0:07:03]} 1... d6 {[%clk 0:07:02]} 2. e4 {[%clk 0:07:04]} 2... Nf6
{[%clk 0:07:03]} 3. f3 {[%clk 0:07:05]} 3... d5 {[%clk 0:06:47]} 4. e5 {
[%clk 0:07:06]} 4... Nfd7 {[%clk 0:06:20]} 5. c3 {[%clk 0:06:44]} 5... e6 {
[%clk 0:05:52]} 6. f4 {[%clk 0:06:44]} 6... c5 {[%clk 0:05:55]} 7. Nf3 {
[%clk 0:06:45]} 7... Nc6 {[%clk 0:05:57]} 8. Be2 {[%clk 0:06:31]} 8... Qb6 {
[%clk 0:05:00]} 9. O-O {[%clk 0:05:28]} 9... Be7 {[%clk 0:05:01]} 10. Kh1 {
[%clk 0:05:27]} 10... O-O {[%clk 0:05:03]} 11. a3 {[%clk 0:05:26]} 11... a5 {
[%clk 0:05:04]} 12. a4 {[%clk 0:05:26]} 12... f6 {[%clk 0:04:50]} 13. Na3 {
[%clk 0:05:16]} 13... cxd4 {[%clk 0:03:45]} 14. cxd4 {[%clk 0:05:14]} 14...
fxe5 {[%clk 0:02:45]} 15. fxe5 {[%clk 0:05:15]} 15... Rf7 {[%clk 0:02:44]} 16.
Nb5 {[%clk 0:05:09]} 16... Nf8 {[%clk 0:02:44]} 17. Bd3 {[%clk 0:04:13]} 17...
Bd7 {[%clk 0:02:34]} 18. Bd2 {[%clk 0:03:40]} 18... Nb4 {[%clk 0:02:28]} 19.
Bxb4 {[%clk 0:03:40]} 19... axb4 {[%clk 0:02:25]} 20. b3 {[%clk 0:03:39]} 20...
Rc8 {[%clk 0:02:12]} 21. Rc1 {[%clk 0:03:40]} 21... Rc6 {[%clk 0:02:06]} 22.
Qd2 {[%clk 0:03:25]} 22... Be8 {[%clk 0:01:55]} 23. Ng5 {[%clk 0:02:45]} 23...
Rxc1 {[%clk 0:01:51]} 24. Qxc1 {[%clk 0:02:22]} 24... Rxf1+ {[%clk 0:01:17]}
25. Qxf1 {[%clk 0:02:23]} 25... Bxg5 {[%clk 0:00:57]} 26. Nd6 {[%clk 0:02:19]}
26... Qd8 {[%clk 0:00:47]} 27. Bb5 {[%clk 0:02:08]} 27... Bg6 {[%clk 0:00:41]}
28. Bd3 {[%clk 0:01:52]} 28... Bxd3 {[%clk 0:00:27]} 29. Qf7+ {[%clk 0:01:53]}
29... Kh8 {[%clk 0:00:29]} 30. Ne8 {[%clk 0:01:54]} 30... Qe7 {[%clk 0:00:26]}
0-1

[Event "I Open Internacional Ateneo Maritimo"]
[Site "Valencia C/La reina, 68"]
[Date "2017.05.20"]
[Round "7.5"]
[White "Torres Sanchez, Jose"]
[Black "Randazzo, Adrian"]
[Result "1-0"]
[WhiteElo "2336"]
[BlackElo "2228"]
[PlyCount "107"]
[EventDate "2017.??.??"]

1. e4 {[%clk 0:07:05]} 1... c5 {[%clk 0:07:03]} 2. Nf3 {[%clk 0:07:07]} 2... g6
{[%clk 0:07:00]} 3. c3 {[%clk 0:07:08]} 3... d5 {[%clk 0:07:00]} 4. exd5 {
[%clk 0:07:10]} 4... Qxd5 {[%clk 0:06:53]} 5. d4 {[%clk 0:07:11]} 5... cxd4 {
[%clk 0:06:47]} 6. cxd4 {[%clk 0:07:05]} 6... Bg7 {[%clk 0:06:45]} 7. Nc3 {
[%clk 0:07:05]} 7... Qd8 {[%clk 0:06:40]} 8. h3 {[%clk 0:06:50]} 8... Nf6 {
[%clk 0:06:41]} 9. Bc4 {[%clk 0:06:52]} 9... O-O {[%clk 0:06:42]} 10. O-O {
[%clk 0:06:53]} 10... Nc6 {[%clk 0:06:41]} 11. d5 {[%clk 0:06:48]} 11... Na5 {
[%clk 0:06:39]} 12. Be2 {[%clk 0:06:42]} 12... b6 {[%clk 0:06:40]} 13. b4 {
[%clk 0:06:41]} 13... Nb7 {[%clk 0:06:17]} 14. Bf4 {[%clk 0:06:33]} 14... Nd6 {
[%clk 0:05:43]} 15. Rc1 {[%clk 0:06:29]} 15... Bb7 {[%clk 0:05:39]} 16. Ne5 {
[%clk 0:06:28]} 16... Rc8 {[%clk 0:05:30]} 17. Bf3 {[%clk 0:06:25]} 17... Nc4 {
[%clk 0:05:25]} 18. Re1 {[%clk 0:06:06]} 18... Nxe5 {[%clk 0:05:23]} 19. Bxe5 {
[%clk 0:06:07]} 19... Rc4 {[%clk 0:05:06]} 20. d6 {[%clk 0:05:03]} 20... Bxf3 {
[%clk 0:05:02]} 21. Qxf3 {[%clk 0:05:05]} 21... exd6 {[%clk 0:04:54]} 22. Bxf6
{[%clk 0:05:06]} 22... Qxf6 {[%clk 0:04:54]} 23. Qxf6 {[%clk 0:05:07]} 23...
Bxf6 {[%clk 0:04:55]} 24. Nd5 {[%clk 0:05:09]} 24... Rxc1 {[%clk 0:04:57]} 25.
Nxf6+ {[%clk 0:05:11]} 25... Kg7 {[%clk 0:04:59]} 26. Rxc1 {[%clk 0:05:06]}
26... Kxf6 {[%clk 0:05:01]} 27. Rc7 {[%clk 0:05:08]} 27... Ra8 {[%clk 0:05:01]}
28. Kf1 {[%clk 0:05:04]} 28... Ke6 {[%clk 0:05:02]} 29. Ke2 {[%clk 0:05:06]}
29... b5 {[%clk 0:04:56]} 30. Rb7 {[%clk 0:05:02]} 30... a5 {[%clk 0:04:58]}
31. a3 {[%clk 0:05:03]} 31... axb4 {[%clk 0:04:52]} 32. axb4 {[%clk 0:05:05]}
32... Ra2+ {[%clk 0:04:08]} 33. Ke3 {[%clk 0:05:07]} 33... Rb2 {[%clk 0:04:10]}
34. Rxb5 f5 35. g3 {[%clk 0:05:08]} 35... g5 {[%clk 0:04:09]} 36. h4 {
[%clk 0:05:10]} 36... h6 {[%clk 0:04:11]} 37. hxg5 {[%clk 0:04:58]} 37... hxg5
{[%clk 0:04:13]} 38. Rb8 {[%clk 0:04:02]} 38... Kd5 {[%clk 0:03:50]} 39. Rb5+ {
[%clk 0:04:03]} 39... Ke6 {[%clk 0:03:53]} 40. Rb8 {[%clk 0:04:01]} 40... Ke5 {
[%clk 0:03:46]} 41. f4+ {[%clk 0:03:57]} 41... gxf4+ {[%clk 0:03:48]} 42. gxf4+
{[%clk 0:03:59]} 42... Kd5 {[%clk 0:03:50]} 43. Rb5+ {[%clk 0:04:00]} 43... Ke6
{[%clk 0:03:52]} 44. Rb8 {[%clk 0:03:56]} 44... Rb3+ {[%clk 0:03:47]} 45. Kd4 {
[%clk 0:03:08]} 45... Rf3 {[%clk 0:03:49]} 46. Re8+ {[%clk 0:03:10]} 46... Kd7
{[%clk 0:03:51]} 47. Rh8 {[%clk 0:03:12]} 47... Rxf4+ {[%clk 0:03:52]} 48. Kd5
{[%clk 0:03:14]} 48... Rxb4 {[%clk 0:03:47]} 49. Rh7+ {[%clk 0:03:16]} 49...
Ke8 {[%clk 0:03:44]} 50. Kxd6 {[%clk 0:03:17]} 50... Re4 {[%clk 0:03:38]} 51.
Rh5 {[%clk 0:03:11]} 51... f4 {[%clk 0:03:27]} 52. Rf5 {[%clk 0:03:12]} 52...
Ra4 {[%clk 0:03:23]} 53. Ke5 {[%clk 0:03:09]} 53... Ra5+ {[%clk 0:03:18]} 54.
Kxf4 {[%clk 0:03:09]} 1-0

[Event "I Open Internacional Ateneo Maritimo"]
[Site "Valencia C/La reina, 68"]
[Date "2017.05.20"]
[Round "7.6"]
[White "Barbera Estelles, Rosendo"]
[Black "Sanchez Saez, Francisco"]
[Result "0-1"]
[WhiteElo "2183"]
[BlackElo "2265"]
[PlyCount "92"]
[EventDate "2017.??.??"]

1. e4 {[%clk 0:07:05]} 1... c5 {[%clk 0:07:04]} 2. Be2 {[%clk 0:07:05]} 2...
Nc6 {[%clk 0:07:04]} 3. f4 {[%clk 0:07:07]} 3... g6 {[%clk 0:07:04]} 4. Nf3 {
[%clk 0:07:08]} 4... Bg7 {[%clk 0:07:05]} 5. O-O {[%clk 0:07:09]} 5... Nf6 {
[%clk 0:06:58]} 6. d3 {[%clk 0:06:58]} 6... d5 {[%clk 0:06:34]} 7. e5 {
[%clk 0:06:49]} 7... Nd7 {[%clk 0:06:35]} 8. c3 {[%clk 0:06:38]} 8... d4 {
[%clk 0:06:22]} 9. Nbd2 {[%clk 0:06:23]} 9... Nf8 {[%clk 0:05:23]} 10. Ne4 {
[%clk 0:06:19]} 10... b6 {[%clk 0:05:07]} 11. cxd4 {[%clk 0:06:05]} 11... Nxd4
{[%clk 0:05:03]} 12. Nxd4 {[%clk 0:05:50]} 12... Qxd4+ {[%clk 0:05:03]} 13. Kh1
{[%clk 0:05:52]} 13... Bb7 {[%clk 0:04:51]} 14. Bf3 {[%clk 0:05:50]} 14...
O-O-O {[%clk 0:04:46]} 15. Nf2 {[%clk 0:05:42]} 15... Ba6 {[%clk 0:03:45]} 16.
Qb3 {[%clk 0:04:28]} 16... Bxd3 {[%clk 0:03:09]} 17. Nxd3 {[%clk 0:03:07]}
17... Qxd3 {[%clk 0:03:10]} 18. Be3 {[%clk 0:02:32]} 18... Qxb3 {[%clk 0:02:53]
} 19. axb3 {[%clk 0:02:34]} 19... Kb8 {[%clk 0:02:13]} 20. Ra6 {[%clk 0:02:09]}
20... Ne6 {[%clk 0:01:38]} 21. Rfa1 {[%clk 0:02:09]} 21... Rd7 {[%clk 0:00:54]}
22. Bc6 {[%clk 0:02:03]} 22... Rhd8 {[%clk 0:00:47]} 23. Bxd7 {[%clk 0:02:01]}
23... Rxd7 {[%clk 0:00:49]} 24. g3 {[%clk 0:01:59]} 24... f6 {[%clk 0:00:43]}
25. exf6 {[%clk 0:01:26]} 25... Bxf6 {[%clk 0:00:44]} 26. Kg2 {[%clk 0:01:22]}
26... Ng7 {[%clk 0:00:45]} 27. g4 {[%clk 0:01:15]} 27... h5 {[%clk 0:00:37]}
28. h3 {[%clk 0:01:17]} 28... Bxb2 {[%clk 0:00:30]} 29. R1a2 {[%clk 0:01:14]}
29... Bd4 {[%clk 0:00:27]} 30. Kf3 {[%clk 0:01:15]} 30... Ne6 {[%clk 0:00:23]}
31. f5 {[%clk 0:01:09]} 31... Nc7 {[%clk 0:00:23]} 32. Rxa7 {[%clk 0:00:37]}
32... Bxe3 {[%clk 0:00:21]} 33. Rxc7 {[%clk 0:00:39]} 33... Rxc7 {
[%clk 0:00:17]} 34. Kxe3 {[%clk 0:00:41]} 34... gxf5 {[%clk 0:00:17]} 35. gxf5
{[%clk 0:00:43]} 35... Rc6 {[%clk 0:00:17]} 36. Kf4 {[%clk 0:00:41]} 36... Kb7
{[%clk 0:00:17]} 37. Re2 {[%clk 0:00:41]} 37... Ka6 {[%clk 0:00:16]} 38. Rxe7 {
[%clk 0:00:41]} 38... Kb5 {[%clk 0:00:18]} 39. Re6 {[%clk 0:00:40]} 39... Rc8 {
[%clk 0:00:19]} 40. f6 {[%clk 0:00:41]} 40... Kb4 {[%clk 0:00:21]} 41. Rxb6+ {
[%clk 0:00:43]} 41... Kc3 {[%clk 0:00:23]} 42. Kf5 {[%clk 0:00:45]} 42... Rg8 {
[%clk 0:00:20]} 43. f7 {[%clk 0:00:46]} 43... Rg3 {[%clk 0:00:22]} 44. Kf6 {
[%clk 0:00:44]} 44... Rxh3 {[%clk 0:00:13]} 45. Ke7 {[%clk 0:00:46]} 45... Re3+
{[%clk 0:00:10]} 46. Re6 {[%clk 0:00:47]} 46... Rf3 0-1